Normal view
MARC view
- IT Law, Media Law, Intellectual Property
Entry Topical Term
001 - CONTROL NUMBER
- control field: 35323
003 - CONTROL NUMBER IDENTIFIER
- control field: NUST
005 - DATE AND TIME OF LATEST TRANSACTION
- control field: 20201116195806.0
008 - FIXED-LENGTH DATA ELEMENTS
- fixed length control field: 201116|| aca||aabn | a|a d
040 ## - CATALOGING SOURCE
- Original cataloging agency: NUST
- Transcribing agency: NUST
150 ## - HEADING--TOPICAL TERM
- Topical term or geographic name entry element: IT Law, Media Law, Intellectual Property
670 ## - SOURCE DATA FOUND
- Source citation: Work cat.: (NUST)0: Guo, Yimeei. author. 35319, Modern China's Copyright Law and Practice /, 2017
